| 000 | 00947nam a22002417a 4500 | ||
|---|---|---|---|
| 999 |
_c176195 _d176195 |
||
| 005 | 20201127140208.0 | ||
| 008 | 081106t xxu||||| |||| 00| j hin d | ||
| 010 | _aB-250789 | ||
| 020 |
_c100.00 _a8189356062 |
||
| 035 | _aB-250789 | ||
| 037 | _bDBAD / PUB | ||
| 040 |
_aDPL _bHN |
||
| 082 | _aक | ||
| 100 | _aसरस्वती कुमार 'दीपक' | ||
| 245 |
_aगुड़ियों का देश / _cसरस्वती कुमार 'दीपक' |
||
| 246 |
_aGidion Ka Desh _bby Sarswati Kumar 'Deepak' |
||
| 260 |
_aदिल्ली _bफीनिक्स बुक इंटरनेशनल _c2008 |
||
| 270 |
_a(बैक साइड) 1376,कश्मीरी गेट _bदिल्ली _e110006 |
||
| 300 |
_a60 पृ. _c24सेमी(सजिल्द) |
||
| 650 | _a हिन्दी नाटक | ||
| 650 | _a Hindi Darama | ||
| 942 |
_2ddc _cCH _mसरस्व _hक |
||